Т. I; Всероссийский электротехнический конгресс с международным участием "На рубеже веков: итоги и перспективы" ВЭЛК - 99

Bibliografiska uppgifter
Parent link:Всероссийский электротехнический конгресс с международным участием "На рубеже веков: итоги и перспективы" ВЭЛК - 99: тезисы/ Академия электротехнических наук Российской Федерации (АЭН РФ) ; Научно-техническая компания "Петровка" ; Всероссийский электротехнический конгресс с международным участием "На рубеже веков: итоги и перспективы" ВЭЛК - 99. Т. I.— , 1999-
Sammanfattning:Приложение: Программа ВЭЛК-99.
Språk:ryska
Publicerad: 1999
Ämnen:
Materialtyp: Bok
KOHA link:https://koha.lib.tpu.ru/cgi-bin/koha/opac-detail.pl?biblionumber=14696

MARC

LEADER 00000nam2a2200000 4500
001 14696
005 20231030185805.0
010 |a 5874440892 
035 |a (RuTPU)RU\TPU\book\14794 
035 |a BOOK00014863 
090 |a 14696 
100 |a 20011209d1999 k y0rusy50 ca 
101 0 |a rus 
102 |a RU 
105 |a y z 100zy 
200 0 |a Т. I 
210 |d 1999 
215 |a С. I-XXIV; 1-295 
300 |a Приложение: Программа ВЭЛК-99. 
461 1 |0 (RuTPU)RU\TPU\book\290392  |t Всероссийский электротехнический конгресс с международным участием "На рубеже веков: итоги и перспективы" ВЭЛК - 99  |o тезисы  |f Академия электротехнических наук Российской Федерации (АЭН РФ) ; Научно-техническая компания "Петровка" ; Всероссийский электротехнический конгресс с международным участием "На рубеже веков: итоги и перспективы" ВЭЛК - 99  |v Т. I  |d 1999- 
610 1 |a электротехника 
610 1 |a конгрессы 
610 1 |a тезисы 
610 1 |a электроэнергетика 
610 1 |a транспорт 
610 1 |a электротехнологии 
610 1 |a электротехнические системы 
675 |a 621.3(063)  |v 3 
801 0 |a RU  |b 63413507  |c 20011209  |g PSBO 
801 2 |a RU  |b 63413507  |c 20140728  |g PSBO 
942 |c BK